| 000 | 03717nam a22003377a 4500 | ||
|---|---|---|---|
| 003 | OSt | ||
| 005 | 20260514110218.0 | ||
| 008 | 260514b |||||||| |||| 00| 0 aze d | ||
| 040 |
_aAZ-XaKU _baze _cAZ-XaKU |
||
| 041 | _aaze | ||
| 050 | 0 | 4 | _aHC79 .Ib7 2015 |
| 100 | 1 |
_aİbrahimov, İslam, _emüəllif. |
|
| 245 | 1 |
_aƏtraf mühitin iqtisadiyyatı _c/ İslam İbrahimov ; elmi redaktor İbad Abbasov ; rəyçilər Gəncəli Gənciyev, Anar Abbasov, Rahim Sadıqov |
|
| 264 |
_aBakı: _b"Bakı Biznes Universiteti", _c2015. |
||
| 300 |
_a357 səhifə ; _c21,5 sm. |
||
| 336 |
_atext _btxt _2rdacontent |
||
| 337 |
_aunmediated _bn _2rdamedia |
||
| 338 |
_avolume _bnc _2rdacarrier |
||
| 504 | _aİstifadə olunmuş ədəbiyyat: s.348-349 | ||
| 505 | 0 | _aGiriş -- I Fəsil. "Ətraf mühitin iqtisadiyyatı" fənninin predmeti məqsəd və vəzifələri -- II Fəsil. İqtisadi inkişafın ekologiyalaşdırılmasının əsas istiqamətləri və dayanıqlı inkişaf -- III Fəsil. Təbii proseslərin pozulmasının canlı aləmin sağlamlığına mənfi təsiri -- IV Fəsil. Su, torpaq və meşə ehtiyatları, mineral və bioloji ehtiyatlar və onların mühafizəsi yolları -- V Fəsil. Təbiətlə cəmiyyətin qarşılıqlı əlaqəsi və onun tənzimlənməsi -- VI Fəsil. İqtisadi inkişaf və ekoloji amillər -- VII Fəsil. Ətraf mühit və təbii ehtiyatların qiymətləndirilməsi funksiyaları və növləri -- VIII Fəsil. Ətraf mühitə çirklənmədən dəyən sosial-iqtisadi zərərin müəyyən olunması -- IX Fəsil. Təbii mühitə çəkilən xərclər və onun səmərəliliyini təyin edən üsullar -- X Fəsil. Ətraf mühitdən istifadədə maliyyə xərclərinin istiqaməti və təyinatı -- XI Fəsil. Ətraf mühitdən istifadənin iqtisadi səmərəliliyi -- XII Fəsil. Ətraf mühitin mühafizə fəaliyyətinin idarə edilməsi və ekoloji sahibkarlıq -- XIII Fəsil. Təbiəti mühafizə fəaliyyətinin idarə edilməsinin maliyyə mənbələri -- XIV Fəsil. Ətraf mühitdən istifadənin iqtisadi tənzimləmə sistemləri -- XV Fəsil. Ətraf mühitdən istifadənin iqtisadiyyatında ekoloji sığorta sistemi, menecment, informasiya və təhsil, beynəlxalq əməkdaşlıq. | |
| 520 | _aDərs vəsaiti ətraf mühitin iqtisadiyyatı elminin mahiyyəti, metodları, vəzifələri, ətraf mühitin mühafizəsi, təbii ehtiyatlar, ekologiya və iqtisadiyyatın qarşılıqlı əlaqələri, təbii sərvətlərdən istifadə və onun səmərəliliyi, təbii ehtiyatların qiymətləndirilməsi, ətraf mühitin çirklənməsindən dəyən ziyanın müəyyən edilməsi məsələləri müasir tələblər baxımından şərh edilir. Kitabda ətraf mühit və təbiətdən istifadədə maliyyə xərclərinin istiqamətləri, təbiəti mühafizə fəaliyyətinin idarə edilməsi, ekoloji sahibkarlıq, ətraf mühitin idarə edilməsinin maliyyə mənbələri, ödənişləri, iqtisadi tənzimləmə mexanizmləri, fondların yaradılması, vergi, bank, sığorta sistemləri, menecment, informasiya və təhsil haqqında məsələlər öz əksini tapmışdır. Dərs vəsaiti Universitetin "Ətraf mühitin iqtisadiyyatı" fənni üzrə tədris proqramına uyğun tərtib edilmişdir. | ||
| 521 | _aKitabdan iqtisadi yönümlü universitetlər, elmi-tədqiqat müəssisələrinin əməkdaşları, tələbə və mütəxəssislər bəhrələnə bilər. | ||
| 650 | 7 |
_aİqtisadi Coğrafiya _2AZ-XaKU |
|
| 655 |
_2AZ-XaKU _aDərslik |
||
| 700 | 1 |
_aAbbasov, İbad, _qelmi redaktor. |
|
| 700 | 1 |
_aGənciyev, Gəncəli, _qrəyçi. |
|
| 700 | 1 |
_aAbbasov, Anar, _qrəyçi. |
|
| 700 | 1 |
_aSadıqov, Rahim, _qrəyçi. |
|
| 942 | _cBOOK | ||
| 999 |
_c479 _d479 |
||